[Event "Match"]
[Site "www.echecsemail.com"]
[Date "2015.09.14"]
[Round "1"]
[White "Mrmoto"]
[Black "Daquata"]
[WhiteElo "1570"]
[BlackElo "1660"]
[Result "0-1"]
[Round "1"]
1.e4 c5
2.Ng1f3 d6
3.d4 cxd4
4.Nf3xd4 Ng8f6
5.Nb1c3 Nb8c6
6.Bf1b5 Bc8d7
7.O-O Nc6xd4
8.Qd1xd4 g6
9.Bb5c4 Bf8g7
10.Qd4e3 O-O
11.Qe3e1 Bd7c6
12.Bc1e3 Nf6xe4
13.Nc3xe4 Bc6xe4
14.Qe1d2 Bg7xb2
15.Ra1b1 Bb2g7
16.Be3h6 Qd8c7
17.Bc4b3 a5
18.Bh6xg7 Kxg7
19.Qd2d4 e5
20.Qd4xe4 Rf8d8
21.c4 Rd8c8
22.a4 b6
23.g3 Qc7c5
24.Qe4e3 Qc5c6
25.Rf1d1 Rc8d8
26.Bb3a2 Qc6xa4
27.Qe3b3 Qa4xb3
28.Rb1xb3 Ra8b8
29.Ba2b1 f6
30.c5 b5
31.Rd1xd6 b4
32.Kg2 Rd8c8
33.c6 a4
34.Rd6d7 Kg8
35.Rb3d3 Rc8xc6
36.Rd7d8 Rb8xd8
37.Rd3xd8 Kg7
38.h4 Rc6c1
{ resign }
0-1

[Event "Match"]
[Site "www.echecsemail.com"]
[Date "2015.09.14"]
[Round "1"]
[White "Pinehill"]
[Black "Whitekknight"]
[WhiteElo "1960"]
[BlackElo "1920"]
[Result "0-1"]
[Round "1"]
1.e4 e5
2.d4 exd4
3.c3 dxc3
4.Bf1c4 cxb2
5.Bc1xb2 Ng8f6
6.e5 Qd8e7
7.Qd1e2 Nf6g8
8.Ng1f3 Nb8c6
9.O-O d6
10.Nb1c3 dxe5
11.Rf1e1 Bc8g4
12.Qe2e4 Bg4xf3
13.Qe4xf3 f6
14.Nc3d5 Qe7d7
15.Ra1d1 Bf8d6
16.Bb2a3 Nc6d4
17.Rd1xd4 O-O-O
18.Rd4d1 Ng8e7
19.Nd5xe7 Qd7xe7
20.Ba3xd6 Rd8xd6
21.Rd1xd6 cxd6
22.Bc4d5 Qe7c7
23.Qf3a3 Kb8
24.Re1c1 Qc7b6
25.g3 g5
26.Qa3c3 Rh8d8
27.Kg2 a6
28.Qc3b3 Qb6a7
29.Rc1b1 Rd8d7
30.Qb3b6 Qa7xb6
31.Rb1xb6 Ka7
32.Rb6b2 Rd7c7
33.f4 gxf4
34.gxf4 b6
35.fxe5 fxe5
36.Kf3 Rc7c5
37.Bd5e6 b5
38.Ke4 a5
39.h4 Kb6
40.h5 h6
41.Kf5 e4
42.Kg6 Rc5e5
43.Be6g4 Re5g5
44.Kxh6 Rg5xg4
45.Rb2f2 Kc5
46.Rf2f5 d5
47.Rf5g5 Rg4xg5
48.Kxg5 e3
{ resign }
0-1

[Event "Match"]
[Site "www.echecsemail.com"]
[Date "2015.09.14"]
[Round "1"]
[White "Fkarpov"]
[Black "Katze"]
[WhiteElo "2090"]
[BlackElo "1599"]
[Result "1-0"]
[Round "1"]
1.e4 c6
2.Nb1c3 d5
3.exd5 cxd5
4.Ng1f3 Ng8f6
5.Bf1b5 Bc8d7
6.O-O e6
7.Nf3e5 Bf8d6
8.d4 Bd7xb5
9.Nc3xb5 a6
10.Nb5xd6 Qd8xd6
11.c4 O-O
12.c5 Qd6e7
13.Bc1g5 h6
14.Bg5h4 g5
15.Bh4g3 Nf6e4
16.Qd1h5 Qe7f6
17.Ne5g4 Qf6xd4
18.Ng4xh6 Kg7
19.Ra1e1 Ne4xg3
20.Qh5xg5 Kh8
21.hxg3  { time }
1-0

[Event "Match"]
[Site "www.echecsemail.com"]
[Date "2015.09.14"]
[Round "1"]
[White "Pinehill"]
[Black "Huw"]
[WhiteElo "1920"]
[BlackElo "999"]
[Result "0-1"]
[Round "1"]
1.e4 e5
2.d4 exd4
3.c3 Qd8e7
4.Bf1d3 d5
5.cxd4 dxe4
6.Bd3c2 f5
7.Ng1e2 Ng8f6
8.O-O Bc8e6
9.Nb1c3 c6
10.f3 exf3
11.Rf1xf3 Nb8d7
12.Bc2xf5 O-O-O
13.Rf3e3 Be6xf5
14.Re3xe7 Bf8xe7
15.Bc1f4 a6
16.Qd1a4 Nd7b6
17.Qa4d1 Rh8e8
18.Bf4g3 Rd8d7
19.Qd1b3 Be7d8
20.Ra1d1 Bf5e6
21.Qb3b4 Nb6c4
22.Nc3a4 Be6g4
23.Na4c5 Bg4xe2
24.Nc5xd7 Nf6d5
25.Qb4b3 Be2xd1
26.Qb3xc4 Kxd7
27.Qc4f1 Bd1c2
28.h3 Bd8b6
29.Qf1c4 Bc2g6
30.Kh2 Re8e4
31.Bg3e5 Re4e1
32.Be5xg7 Bb6c7
33.g3 Bg6e4
34.Bg7e5 Re1h1
{ resign }
0-1

[Event "Match"]
[Site "www.echecsemail.com"]
[Date "2015.09.14"]
[Round "1"]
[White "Mdesouza"]
[Black "Orae"]
[WhiteElo "2210"]
[BlackElo "1969"]
[Result "0-1"]
[Round "1"]
1.e4 e5
2.Ng1f3 Nb8c6
3.Bf1c4 h6
4.d4 Qd8e7
5.O-O b6
6.Bc4d5 Bc8b7
7.Nf3xe5 Nc6xe5
8.dxe5 c6
9.Bd5b3 Qe7xe5
10.Nb1c3 Bf8d6
11.f4 Bd6c5
12.Kh1 Qe5e7
13.Qd1g4 Ng8f6
14.Qg4xg7 O-O-O
15.Qg7xf7 Qe7d6
16.e5 Qd6e7
17.Qf7xf6 Rd8e8
18.Qf6xe7 Re8xe7
19.Nc3e4 Bb7a6
20.Rf1e1 d5
21.Ne4xc5 bxc5
22.Bc1d2 c4
23.Bb3a4 Kb7
24.Bd2b4 Re7g7
25.c3 Rh8g8
26.g3 Kc7
27.Bb4d6 Kd7
28.Ra1d1 h5
29.Rd1xd5 Ke6
30.Ba4xc6 h4
31.Rd5a5 Ba6c8
32.Bc6d5 Kf5
33.Bd5xg8 Rg7xg8
34.g4 Rg8xg4
35.e6 Kf6
36.e7 Bc8b7
{ resign }
0-1

[Event "Match"]
[Site "www.echecsemail.com"]
[Date "2015.09.14"]
[Round "1"]
[White "Pinehill"]
[Black "Bojan"]
[WhiteElo "1980"]
[BlackElo "1960"]
[Result "1-0"]
[Round "1"]
1.e4 e5
2.f4 Nb8c6
3.Ng1f3 exf4
4.Nb1c3 a6
5.d4 Bf8b4
6.Bc1xf4 d6
7.Qd1d2 Ng8f6
8.Bf1d3 Bc8g4
9.h3 Bg4xf3
10.gxf3 Nc6xd4
11.O-O-O Nf6h5
12.Rd1f1 Qd8f6
13.Bf4h2 Nd4b5
14.f4 Nb5xc3
15.bxc3 Bb4xc3
16.Qd2e2 g6
17.f5 Qf6g5
18.Kb1 O-O-O
19.Rh1g1 Qg5e7
20.Rf1f3 d5
21.Kc1 Qe7a3
22.Kd1 dxe4
23.Qe2xe4 Rh8e8
24.Qe4c4 Re8e7
25.fxg6 Qa3b2
26.Rf3e3 Rd8xd3
27.Qc4xd3 Re7d7
28.Re3e8 { resign }
1-0

[Event "Match"]
[Site "www.echecsemail.com"]
[Date "2015.09.14"]
[Round "1"]
[White "Chtoubidou"]
[Black "Stepdedalus"]
[WhiteElo "1970"]
[BlackElo "1499"]
[Result "1-0"]
[Round "1"]
1.e4 Ng8f6
2.Nb1c3 e5
3.Bf1c4 Nb8c6
4.d3 Bf8c5
5.Bc1g5 h6
6.Bg5h4 Nc6a5
7.Bc4b3  { time }
1-0

[Event "Match"]
[Site "www.echecsemail.com"]
[Date "2015.09.14"]
[Round "1"]
[White "Jjmcbride"]
[Black "Orae"]
[WhiteElo "1880"]
[BlackElo "1940"]
[Result "0-1"]
[Round "1"]
1.e4 e5
2.Ng1f3 Nb8c6
3.d4 Bf8b4
4.c3 Bb4e7
5.d5 Nc6b8
6.Nf3xe5 d6
7.Bf1b5 c6
8.dxc6 bxc6
9.Ne5xc6 Nb8xc6
10.Bb5xc6 Bc8d7
11.Bc6xa8 Qd8xa8
12.f3 Ng8f6
13.c4 O-O
14.a4 a5
15.b3 Rf8e8
16.Nb1c3 Be7d8
17.O-O Bd8b6
18.Kh1 Bb6c5
19.Nc3d5 Nf6xd5
20.exd5 { time. }
0-1

[Event "Match"]
[Site "www.echecsemail.com"]
[Date "2015.09.14"]
[Round "1"]
[White "Joseph1983"]
[Black "Ericleo1980"]
[WhiteElo "2200"]
[BlackElo "2260"]
[Result "0-1"]
[Round "1"]
1.Ng1f3 d5
2.e3 c5
3.b3 Ng8f6
4.Bc1b2 Nb8d7
5.d4 a6
6.Bf1d3 e6
7.O-O Bf8d6
8.Nb1d2 b5
9.c4 b4
 { time }
0-1

[Event "Eq:Slap Shot Mates-Team USA : "]
[Site "www.chess-mail.com"]
[Date "2015.09.14"]
[Round "1"]
[White "Uji40"]
[Black "Mustaphly"]
[WhiteElo "1930"]
[BlackElo "2740"]
[Result "0-1"]
[Round "1"]
1.e4 c5
2.Ng1f3 d6
3.d4 cxd4
4.Nf3xd4 Ng8f6
5.Nb1c3 a6
6.Bf1e2 e5
7.Nd4f3 h6
8.O-O Bf8e7
9.Rf1e1 O-O
10.h3 Nb8c6
11.Bc1d2 Bc8e6
12.Qd1c1 b5
13.Nc3b1 Nf6xe4
14.Bd2e3 f5
15.Be3xh6 gxh6
16.Qc1xh6 Rf8f6
17.Qh6e3 d5
18.Nf3g5 f4
19.Qe3f3 Ne4xg5
20.Qf3h5 Ng5e4
21.Be2d3 Be6f7
22.Qh5g4 Rf6g6
23.Qg4f3 Nc6d4
24.Qf3d1 f3
25.Bd3f1 Ne4xf2
26.Kxf2 Be7c5
27.Re1e3 Qd8h4
28.Kg1 Qh4xh3
29.Qd1d2 Nd4e2
30.Kf2 Qh3g3

0-1

[Event "Tourn. n8293"]
[Site "www.chess-mail.com"]
[Date "2015.09.15"]
[Round "1"]
[White "Greghghs"]
[Black "Manolinex"]
[WhiteElo "2380"]
[BlackElo "2700"]
[Result "0-1"]
[Round "1"]
1.e4 e5
2.Ng1f3 Nb8c6
3.Nb1c3 Ng8f6
4.d4 exd4
5.Nf3xd4 Bf8b4
6.Nd4xc6 bxc6
7.Bf1d3 d5
8.exd5 cxd5
9.O-O O-O
10.h3 Rf8e8
11.Qd1f3 c6
12.Bc1f4 Bb4d6
13.Rf1e1 Bc8e6
14.Nc3e2 Bd6xf4
15.Ne2xf4 Qd8b6
16.b3 Be6d7
17.Nf4h5 Nf6xh5
18.Qf3xh5 g6
19.Qh5h4 c5
20.Bd3f1 Qb6a5
21.Re1xe8 Ra8xe8
22.Bf1d3 Bd7e6
23.Qh4f4 c4
24.Bd3f1 Qa5c3
25.Ra1c1 Re8c8
26.Qf4e3 Qc3b2
27.bxc4 dxc4
28.a4 h5
29.Bf1e2 Be6d7
30.Be2f3 Bd7xa4
31.c3 Rc8e8
32.Qe3f4 Re8d8
33.Bf3xh5 Rd8d5
34.Bh5f3 g5
35.Qf4e3 Rd5e5
36.Qe3xe5 Qb2xc1
37.Kh2 Qc1f4
{ resign }
0-1

[Event "Tourn. n8315"]
[Site "www.chess-mail.com"]
[Date "2015.09.15"]
[Round "1"]
[White "Libiesse"]
[Black "Groz"]
[WhiteElo "2020"]
[BlackElo "1990"]
[Result "1-0"]
[Round "1"]
1.d4 d5
2.c4 Bc8f5
3.Ng1f3 e6
4.Nb1c3 Ng8f6
5.Bc1g5 Bf8e7
6.e3 O-O
7.cxd5 Nf6xd5
8.Bg5xe7 Nd5xe7
9.Qd1b3 b6
10.Bf1e2 Nb8d7
11.O-O c5
12.Rf1d1 Qd8b8
13.Nf3h4 Bf5g6
14.Nh4xg6 Ne7xg6
15.Be2f3 Ng6h4
16.Bf3xa8 Qb8xa8
17.e4 Nd7f6
18.Qb3c2 Nf6g4
19.dxc5 Qa8b8
20.g3 Nh4f3
21.Kg2 Nf3h4
22.Kh3 f5
23.Kxh4 Qb8e8
24.Kh3 Qe8h5
25.Kg2 Qh5xh2
26.Kf3 fxe4
27.Kxg4  { time }
1-0

[Event "Tourn. n8311"]
[Site "www.chess-mail.com"]
[Date "2015.09.15"]
[Round "1"]
[White "Scasan55"]
[Black "Maredocla"]
[WhiteElo "1930"]
[BlackElo "2060"]
[Result "1-0"]
[Round "1"]
1.e4 c5
2.c3 d5
3.exd5 Qd8xd5
4.Ng1f3 Bc8f5
5.d4 cxd4
6.Qd1xd4 Qd5xd4
7.Nf3xd4 Bf5xb1
8.Ra1xb1 Nb8d7
9.Bf1b5 O-O-O
10.O-O e6
11.Bc1e3 a6
12.Bb5a4 Nd7b6
13.Ba4b3 Bf8c5
14.Nd4c2 Bc5xe3
15.Nc2xe3 Ng8f6
16.Rf1d1 Rd8d7
17.Rd1xd7 Nb6xd7
18.f3 Nd7e5
19.Rb1d1 Rh8d8
20.Rd1xd8 Kxd8
21.Bb3c2 h6
22.Kf2 Kc7
23.h3 Kd6
24.Ke2 a5
25.Bc2b3 Nf6d7
26.Ne3c4 Ne5xc4
27.Bb3xc4 Kc5
28.b3 Nd7e5
29.Bc4d3 Ne5d7
30.Ke3 f5
31.Kf4 g5
32.Ke3 Nd7f6
33.a3 f4
34.Ke2 b6
35.Bd3g6 b5
36.Bg6f7 e5
37.Kd3 Kd6
38.c4 Kc5
39.cxb5 Kxb5
40.Kc3 Kc5
41.b4 axb4
42.axb4 Kb5
43.Bf7e6 Nf6e8
44.Be6d7 { resign }
1-0

[Event "Tourn. n8370"]
[Site "www.chess-mail.com"]
[Date "2015.09.15"]
[Round "1"]
[White "Luban"]
[Black "Amaya"]
[WhiteElo "2070"]
[BlackElo "1920"]
[Result "1/2-1/2"]
[Round "1"]
1.d4 d5
2.Ng1f3 Ng8f6
3.h3 h6
4.e3 e6
5.a3 c5
6.c4 Nb8c6
7.Nb1c3 cxd4
8.exd4 dxc4
9.Bf1xc4 Nf6d5
10.Bc4xd5 exd5
11.O-O Bf8e7
12.Bc1e3 O-O
13.b4 a6
14.Qd1b3 Bc8e6
15.Ra1c1 Qd8d7
16.Nc3a4 Be6xh3
17.gxh3 Qd7xh3
18.Be3f4 Qh3g4
19.Bf4g3 Be7d6
20.Kg2 Nc6e7
21.Na4b6 Ne7f5
22.Nf3e5 Bd6xe5
23.dxe5 Nf5d4
24.Qb3e3 Nd4f5
25.Qe3d3 Nf5h4
26.Kh2 Nh4f3
27.Kg2 Nf3h4
28.Kh2 { draw }
1/2-1/2

[Event "Tourn. n8360"]
[Site "www.chess-mail.com"]
[Date "2015.09.15"]
[Round "1"]
[White "Hdr"]
[Black "Gatrooper"]
[WhiteElo "1640"]
[BlackElo "1450"]
[Result "0-1"]
[Round "1"]
1.d4 d5
2.c4 dxc4
3.Ng1f3 Nb8c6
4.Nb1c3 e6
5.e4 h6
6.Bf1xc4 Ng8f6
7.O-O Bf8b4
8.d5 exd5
9.exd5 Nc6e7
10.Qd1a4 Bc8d7
 { time }
0-1

[Event "Tourn. n8369"]
[Site "www.chess-mail.com"]
[Date "2015.09.15"]
[Round "1"]
[White "Luban"]
[Black "Liencam2"]
[WhiteElo "2070"]
[BlackElo "2280"]
[Result "0-1"]
[Round "1"]
1.d4 Ng8f6
2.c4 g6
3.e3 Bf8g7
4.Ng1f3 O-O
5.h3 d5
6.Nb1c3 c5
7.Bf1d3 Nb8c6
8.a3 cxd4
9.exd4 dxc4
10.Bd3xc4 Bc8f5
11.Nf3g5 Nc6xd4
12.O-O Bf5c2
13.Qd1e1 Ra8c8
14.Ng5xf7 Rf8xf7
15.Bc4xf7 Kxf7
16.Bc1e3 Nd4b3
17.Ra1a2 Bc2d3
18.Qe1d1 Bd3xf1
19.Qd1xd8 Rc8xd8
20.Kxf1 Nf6d5
21.Nc3xd5 Rd8xd5
22.Ke2 Bg7d4
{ resign }
0-1

[Event "Tourn. n8366"]
[Site "www.chess-mail.com"]
[Date "2015.09.15"]
[Round "1"]
[White "Madz123456"]
[Black "Hundegana"]
[WhiteElo "2220"]
[BlackElo "1980"]
[Result "1-0"]
[Round "1"]
1.e4 c5
2.Ng1f3 d6
3.d4 cxd4
4.Nf3xd4 e5
5.Bf1b5 Bc8d7
6.Bb5xd7 Nb8xd7
7.Nd4f5 g6
8.Nf5xd6 Bf8xd6
9.Qd1xd6 Qd8f6
10.Qd6a3 Ng8e7
11.Bc1e3 O-O
12.Nb1c3 a6
13.O-O-O Rf8d8
14.Rd1d6 Qf6g7
15.Rh1d1 Ne7c6
16.Rd6xd7 Rd8xd7
17.Rd1xd7 Ra8b8
18.Nc3d5 h6
19.Qa3d6 g5
20.Nd5f6 Kh8
21.Qd6xb8 Nc6xb8
22.Rd7d8 { resign }
1-0

[Event "Tourn. n8364"]
[Site "www.chess-mail.com"]
[Date "2015.09.15"]
[Round "1"]
[White "Neo"]
[Black "Daquata"]
[WhiteElo "1780"]
[BlackElo "1660"]
[Result "1-0"]
[Round "1"]
1.d4 Ng8f6
2.e3 d5
3.g3 Bc8g4
4.Qd1d2 e6
5.Bf1g2 c5
6.c3 Nb8c6
7.Ng1f3 Bf8d6
8.Nf3e5 Nc6xe5
9.dxe5 Bd6xe5
10.O-O O-O
11.a3 Bg4f5
12.b4 cxb4
13.axb4 Qd8c7
14.Bc1b2 Nf6e4
15.Bg2xe4 Bf5xe4
16.Ra1a3 Rf8c8
17.Rf1c1 Be4xb1
18.Rc1xb1 b5
19.Qd2d3 Qc7c4
20.Qd3d2 h6
21.Rb1c1 h5
22.Qd2d1 h4
23.Qd1h5 Be5f6
24.Rc1d1 hxg3
25.hxg3 a6
26.Kg2 Qc4e4
27.Kg1 Qe4c2
28.Ra3a2 Bf6xc3
29.Bb2xc3 Qc2xa2
30.Bc3d4 Rc8c2
31.Qh5g5 Kf8
32.Qg5xg7 Ke7
33.Qg7f6 Kd6
34.Qf6f4 Kc6
35.Qf4xf7 Kd6
36.Bd4c5 Rc2xc5
37.bxc5 Kxc5
38.Rd1c1 Kd6
39.Qf7c7 
1-0

[Event "Tourn. n8384"]
[Site "www.chess-mail.com"]
[Date "2015.09.15"]
[Round "1"]
[White "Norlavuaram"]
[Black "Xkafi"]
[WhiteElo "2100"]
[BlackElo "2040"]
[Result "1-0"]
[Round "1"]
1.e4 e5
2.Ng1f3 Qd8f6
3.Bf1c4 Bf8c5
4.O-O d6
5.h3 Qf6g6
6.Kh2 Qg6xe4
7.Bc4b3 Qe4f5
8.Nb1c3 c6
9.d4 exd4
10.Nf3xd4 Qf5e5
11.Kg1 Qe5xd4
12.Qd1h5 Qd4f6
13.Bc1g5 Qf6g6
14.Ra1e1 Kf8
15.Qh5e2 Bc8d7
16.Bg5e7 Ng8xe7
17.Qe2xe7 Kg8
18.Qe7d8 { resign }
1-0

[Event "Tourn. n8356"]
[Site "www.chess-mail.com"]
[Date "2015.09.15"]
[Round "1"]
[White "Xkafi"]
[Black "Francesco"]
[WhiteElo "2100"]
[BlackElo "2000"]
[Result "1-0"]
[Round "1"]
1.c4 Ng8f6
2.Nb1c3 e6
3.a3 b6
4.Ng1f3 Bc8b7
5.d4 Bb7xf3
6.gxf3 Bf8e7
7.Qd1a4 O-O
8.Rh1g1 Nb8c6
9.Bc1h6 Nf6h5
10.Qa4b5 Kh8
11.Qb5xh5 gxh6
12.Qh5xh6 Rf8g8
13.Rg1xg8 Qd8xg8
14.Qh6f4 Be7d6
15.Qf4h4 Qg8g7
16.e3 Bd6e7
17.Qh4f4 Be7d6
18.Qf4h4 Ra8g8
19.Nc3e4 Qg7g1
20.Ne4f6 Rg8g7
21.Nf6xd7 f5
22.Qh4f6 Qg1xh2
23.Qf6xe6 Rg7g1
24.Nd7f6 Qh2g2
25.Ke2 Bd6g3
26.Qe6g8 { resign }
1-0

[Event "Tourn. n8319"]
[Site "www.chess-mail.com"]
[Date "2015.09.15"]
[Round "1"]
[White "Jucatorul"]
[Black "Gatrooper"]
[WhiteElo "1499"]
[BlackElo "1460"]
[Result "0-1"]
[Round "1"]
1.d4 d5
2.c4 dxc4
3.e3 Bc8e6
4.Nb1c3 a6
5.d5 Be6f5
6.e4 Bf5g6
7.Bf1xc4 e6
8.dxe6 fxe6
9.Qd1xd8 Kxd8
10.Bc4xe6 Ng8f6
11.Bc1g5 Bf8e7
12.O-O-O Ke8
13.f3 Nb8c6
14.Ng1e2 Nf6h5
15.Bg5xe7 Nc6xe7
16.Nc3d5 Ne7xd5
17.Be6xd5 c6
18.Bd5b3 b5
19.Rd1d6 Ra8d8
20.Rd6xc6 Nh5f6
21.Rh1d1 Rd8xd1
22.Kxd1 Kd7
23.Rc6xa6 Rh8d8
24.Ke1 Rd8f8
25.Ne2f4 Rf8c8
26.Bb3e6 Kd8
27.Be6xc8 Kxc8
 { time }
0-1

[Event "Tourn. n8368"]
[Site "www.chess-mail.com"]
[Date "2015.09.15"]
[Round "1"]
[White "Terrible"]
[Black "Madz123456"]
[WhiteElo "2320"]
[BlackElo "2220"]
[Result "0-1"]
[Round "1"]
1.d4 d5
2.Ng1f3 c6
3.c4 e6
4.e3 Ng8f6
5.Nb1c3 Nb8d7
6.Bf1d3 dxc4
7.Bd3xc4 b5
8.Bc4d3 Bc8b7
9.e4 b4
10.Nc3a4 c5
11.e5 Nf6d5
12.Na4xc5 Nd7xc5
13.dxc5 Bf8xc5
14.Bd3b5 Ke7
15.O-O h6
16.Qd1e2 Qd8b6
17.Bc1d2 Rh8d8
18.a3 Kf8
19.axb4 Nd5xb4
20.Ra1c1 Bb7xf3
21.gxf3 Rd8xd2
22.Qe2xd2 Qb6xb5
23.Rf1d1 Ra8c8
{ resign }
0-1

[Event "Tourn. n8327"]
[Site "www.chess-mail.com"]
[Date "2015.09.15"]
[Round "1"]
[White "Fred"]
[Black "Bira47"]
[WhiteElo "2030"]
[BlackElo "2050"]
[Result "1-0"]
[Round "1"]
1.e4 c5
2.f4 e6
3.Ng1f3 h6
4.Nb1c3 a6
5.a3 b5
6.e5 Nb8c6
7.d3 Bf8e7
8.Bf1e2 Bc8b7
9.Bc1e3 d5
10.d4 c4
11.O-O f6
12.h3 f5
13.b3 Be7h4
14.bxc4 bxc4
15.Nc3a4 Bh4e7
16.Be3f2 Qd8a5
17.c3 Nc6a7
18.Nf3h4 O-O-O
19.Nh4g6 Rh8h7
20.Ng6xe7 Ng8xe7
21.Na4c5 Qa5b6
22.Ra1b1 Na7b5
23.Qd1d2 Qb6a5
24.Nc5xe6 Rd8d7
25.Ne6f8 Nb5xc3
26.Nf8xd7 Nc3xe2
27.Qd2xe2 Bb7c6
28.e6 Bc6b5
29.Qe2e5 Ne7c6
30.Qe5xf5 Rh7h8
31.Nd7c5 Nc6e7
32.Qf5f7 Qa5d8
33.Bf2h4 Rh8e8
34.Qf7xg7 Re8g8
35.Qg7xe7 Rg8xg2
36.Kxg2 Qd8g8
37.Kh2 Bb5c6
38.Rb1b6 Qg8e8
39.Qe7d6  { time }
1-0

[Event "Tourn. n8332"]
[Site "www.chess-mail.com"]
[Date "2015.09.15"]
[Round "1"]
[White "Orae"]
[Black "Sfalcao"]
[WhiteElo "1940"]
[BlackElo "1920"]
[Result "0-1"]
[Round "1"]
1.e4 c5
2.Bf1c4 e6
3.Ng1f3 Nb8c6
4.d3 d5
5.Bc4b5 Qd8a5
6.Nb1c3 d4
7.Bb5xc6 bxc6
8.Bc1d2 dxc3
9.Bd2xc3 Qa5c7
10.Bc3e5 Bf8d6
11.Be5xd6 Qc7xd6
12.Nf3g5 Qd6e5
13.Qd1d2 Qe5xb2
14.O-O Ng8e7
15.Qd2f4 O-O
16.Qf4h4 h6
17.Ng5h7 Ne7g6
18.Nh7f6 Kh8
19.Nf6g4 Ng6xh4
20.Rf1b1 Qb2xc2
21.Ng4e5 f6
22.g3 fxe5
23.Rb1f1 Nh4f3
24.Kg2 Qc2xd3
25.Ra1d1 Qd3xe4
26.Kh3 Nf3g5

0-1

[Event "Tourn. n8386"]
[Site "www.chess-mail.com"]
[Date "2015.09.15"]
[Round "1"]
[White "Culiflori"]
[Black "Raulazo"]
[WhiteElo "2010"]
[BlackElo "1830"]
[Result "1-0"]
[Round "1"]
1.e4 e5
2.Ng1f3 Nb8c6
3.Bf1c4 h6
4.d4 Ng8f6
5.Nb1c3 Bf8b4
6.dxe5 Nf6xe4
7.Bc4xf7 Kf8
8.O-O Bb4xc3
9.bxc3 Ne4xc3
10.Qd1d3 Nc3a4
11.Qd3g6 Nc6e7
12.Qg6h5 Ne7d5
13.Bf7xd5 Qd8e7
14.Bc1a3 d6
15.exd6 cxd6
16.Ba3xd6 Bc8g4
17.Bd6xe7 Kxe7
18.Qh5xg4 Na4c5
19.Qg4xg7 Kd6
20.Ra1d1 Nc5a4
21.Bd5xb7 { resign }
1-0

[Event "Tourn. n8372"]
[Site "www.chess-mail.com"]
[Date "2015.09.15"]
[Round "1"]
[White "Attatroll"]
[Black "Bojan"]
[WhiteElo "1940"]
[BlackElo "1910"]
[Result "0-1"]
[Round "1"]
1.e4 g6
2.Ng1f3 Bf8g7
3.d4 d5
4.e5 a6
5.Bf1d3 f6
6.O-O f5
7.c3 e6
8.Bc1g5 Qd8d7
9.Nb1a3 Ng8h6
10.Na3c2 Nh6f7
11.h4 h6
12.Bg5d2 Qd7e7
13.Nc2e3 Bc8d7
14.Qd1b3 b6
15.Ra1d1 b5
16.a3 Bg7f8
17.g4 fxg4
18.Ne3xg4 Bf8g7
19.Bd3xg6 Kd8
20.Qb3c2 h5
21.Ng4e3 Bg7h6
22.Bg6xf7 Qe7xf7
23.Ne3g2 Qf7xf3
24.Bd2xh6 Rh8xh6
25.Rd1d3 Qf3e4
26.Qc2d2 Qe4h7
27.Rd3f3 Qh7g7
28.Rf3g3 Rh6g6
29.Qd2f4 Ke7
30.Kh2 Nb8c6
31.Ng2e3 Ra8f8
32.Rg3xg6 Qg7xg6
33.Qf4g5 Qg6xg5
34.hxg5 Kf7
35.f4 Kg6
36.Kh3 Nc6a5
37.Ne3c2 Na5c4
38.b3 Nc4d2
39.Rf1f2 Nd2xb3
40.Nc2b4 a5
41.Nb4a6 c6
42.Rf2b2 a4
43.Na6b4 Rf8xf4
{ resign }
0-1

[Event "Match"]
[Site "www.echecsemail.com"]
[Date "2015.09.15"]
[Round "1"]
[White "Bojan"]
[Black "Mitja"]
[WhiteElo "1940"]
[BlackElo "1920"]
[Result "1/2-1/2"]
[Round "1"]
1.d4 d5
2.c4 dxc4
3.e4 c6
4.Bf1xc4 e6
5.Ng1f3 Ng8f6
6.Qd1d3 Bf8b4
7.Nb1c3 h6
8.a3 Bb4a5
9.b4 Ba5c7
10.Bc1e3 Nb8d7
11.e5 Nf6d5
12.Ra1c1 Nd5xe3
13.Qd3xe3 Nd7b6
14.Bc4d3 Nb6d5
15.Qe3e2 Nd5xc3
16.Rc1xc3 a6
17.O-O Qd8d7
18.Rf1d1 b5
19.Qe2e4 Bc8b7
20.Qe4g4 Rh8g8
21.Bd3c2 O-O-O
22.Rc3d3 Qd7e7
23.Nf3d2 Bc7b6
24.Rd1b1 Rd8d7
25.Nd2b3 Rd7d8
26.Nb3c5 f5
27.Qg4f3 Bb6xc5
28.bxc5 g5
29.a4 g4
30.Qf3f4 h5
31.f3 gxf3
32.Qf4xf3 Rg8g4
33.Qf3f2 Kc7
34.h3 Rg4g5
35.axb5 axb5
36.Rb1b3 Rd8g8
37.Rd3g3 Rg5xg3
38.Rb3xg3 Rg8xg3
39.Qf2xg3 h4
40.Qg3g6 Bb7c8
41.Qg6h6 Bc8d7
{ draw }
1/2-1/2

[Event "Match"]
[Site "www.echecsemail.com"]
[Date "2015.09.15"]
[Round "1"]
[White "Stevep84"]
[Black "Jhw"]
[WhiteElo "2180"]
[BlackElo "1900"]
[Result "1-0"]
[Round "1"]
1.e4 e5
2.Ng1f3 Nb8c6
3.Bf1b5 Qd8f6
4.Nb1c3 Ng8e7
5.O-O Ne7g6
6.Nc3d5 Qf6g5
7.Nf3xg5 { resign }
1-0

[Event "Match"]
[Site "www.echecsemail.com"]
[Date "2015.09.15"]
[Round "1"]
[White "Coraza8091"]
[Black "Whitekknight"]
[WhiteElo "1659"]
[BlackElo "1930"]
[Result "0-1"]
[Round "1"]
1.e4 e5
2.Qd1f3 Ng8f6
3.Ng1h3 h6
4.Bf1c4 d6
5.Qf3b3 Qd8e7
6.d4 Nf6xe4
7.Nb1d2 Ne4xd2
8.Bc1xd2 Nb8c6
9.Bc4b5 a6
10.Bb5xc6 bxc6
11.O-O g6
12.Qb3c4 Qe7d7
13.Ra1e1 Bf8e7
14.Re1e3 d5
15.Qc4b3 O-O
16.Re3xe5 Be7f6
17.Re5e1 Bf6xd4
18.c3 Bd4b6
19.Bd2xh6 Rf8d8
20.c4 Kh7
21.Bh6g5 Rd8f8
22.Nh3f4 a5
23.Qb3d3 Qd7g4
24.h3 Qg4xg5
25.g3 Bc8f5
26.Qd3f3 Bf5e4
27.Qf3e2 Qg5xg3
{ resign }
0-1

[Event "Match"]
[Site "www.echecsemail.com"]
[Date "2015.09.15"]
[Round "1"]
[White "Pinehill"]
[Black "Coraza8091"]
[WhiteElo "1920"]
[BlackElo "1659"]
[Result "1-0"]
[Round "1"]
1.e4 e5
2.d4 Nb8c6
3.Ng1f3 Ng8f6
4.Bc1g5 Bf8e7
5.Nb1c3 b6
6.d5 Nc6d4
7.Nf3xe5 c5
8.Bf1d3 d6
9.Ne5c4 Bc8g4
10.Bd3e2 Bg4xe2
11.Nc3xe2 Nf6xe4
12.Bg5xe7 Qd8xe7
13.O-O O-O
14.Ne2xd4 cxd4
15.Qd1xd4 Rf8e8
16.Rf1e1 Qe7h4
17.Nc4xd6 Re8e7
18.Nd6f5 Qh4f6
19.Nf5xe7 Qf6xe7
20.Re1xe4 Qe7c7
21.c4 Ra8d8
22.Ra1e1 h6
23.Re4e8 Kh7
24.Qd4e4 g6
25.Re8xd8 Qc7xd8
26.Qe4e8 Qd8c7
27.Re1e7 { resign }
1-0

[Event "Match"]
[Site "www.echecsemail.com"]
[Date "2015.09.15"]
[Round "1"]
[White "Hansen"]
[Black "Daquata"]
[WhiteElo "1540"]
[BlackElo "1660"]
[Result "0-1"]
[Round "1"]
1.e4 c5
2.Bf1c4 Nb8c6
3.Qd1f3 Nc6e5
4.Qf3b3 Ne5xc4
5.Qb3xc4 d6
6.Ng1f3 Ng8f6
7.Nf3g5 e6
8.Qc4b5 Nf6d7
9.d4 cxd4
10.f4 Bf8e7
11.Ng5f3 a6
12.Qb5h5 Qd8c7
13.O-O Nd7f6
14.Qh5h4 Nf6xe4
15.Qh4e1 d5
16.Nf3xd4 Be7c5
17.Bc1e3 Qc7b6
18.c3 Qb6xb2
19.Nb1d2 Qb2xc3
20.Ra1c1 Qc3a5
21.Nd2xe4 Qa5xe1
22.Rf1xe1 Bc5xd4
23.Ne4d6 Kd7
24.Nd6xf7 Bd4xe3
25.Re1xe3 Rh8f8
26.Nf7g5 Kd6
27.Ng5xh7 Rf8xf4
28.Nh7g5 Bc8d7
29.Rc1d1 Ra8c8
30.g3 Rf4f5
31.Ng5e4 Kc7
32.Ne4d2 Kb8
33.Nd2b3 Rc8c2
34.Nb3d4 Rc2xa2
35.g4 Rf5f2
36.Re3g3 Rf2xh2
37.Nd4f3 Rh2e2
38.Rg3h3 Re2g2
39.Kh1 Bd7c6
40.Rh3h8 Ka7
41.Nf3e5 Bc6a4
42.Rd1c1 Ra2c2
43.Rc1b1 Rg2e2
44.Ne5d3 Re2g2
45.Nd3e5 Rc2e2
46.Ne5f3 Rg2xg4
47.Rh8h3 Ba4c6
48.Rb1g1 Rg4xg1
49.Kxg1 Re2e3
50.Kf2 Re3a3
51.Nf3g5 Ra3xh3
52.Ng5xh3 e5
53.Nh3g5 e4
54.Ke3 a5
55.Ng5e6 a4
56.Ne6c5 Kb6
57.Kd4 a3
58.Nc5b3 Bc6a4
59.Nb3c1 Kc6
60.Nc1a2 Ba4b3
61.Na2c3 a2
{ resign }
0-1

[Event "Match"]
[Site "www.echecsemail.com"]
[Date "2015.09.15"]
[Round "1"]
[White "Norbos"]
[Black "Vinvangogh"]
[WhiteElo "1620"]
[BlackElo "1480"]
[Result "0-1"]
[Round "1"]
1.e4 e5
2.Ng1f3 Nb8c6
3.Bf1c4 Ng8f6
4.Nf3g5 Qd8e7
5.d3 Nc6d4
6.Bc4xf7 Kd8
7.Nb1c3 d5
8.Nc3xd5 Qe7c5
9.c3 Bc8g4
10.Qd1a4 b5
11.Qa4a5 Nd4c2
12.Kf1 Bf8d6
13.Ra1b1 Nf6xe4
14.f3 Qc5f2
{ resign }
0-1

[Event "Match"]
[Site "www.echecsemail.com"]
[Date "2015.09.15"]
[Round "1"]
[White "Pellix84"]
[Black "Katze"]
[WhiteElo "1960"]
[BlackElo "1599"]
[Result "1-0"]
[Round "1"]
1.c4 c5
2.Nb1c3 Ng8f6
3.g3 Nb8c6
4.Bf1g2 g6
5.d3 Bf8g7
6.Ng1f3 O-O
7.O-O Nc6d4
8.Bc1e3 Nf6g4
9.Ra1b1 Ng4xe3
10.fxe3 Nd4xf3
11.Rf1xf3  { time }
1-0

[Event "Match"]
[Site "www.echecsemail.com"]
[Date "2015.09.15"]
[Round "1"]
[White "Vinvangogh"]
[Black "Pariolinius"]
[WhiteElo "1480"]
[BlackElo "1980"]
[Result "0-1"]
[Round "1"]
1.Ng1f3 d5
2.d4 Ng8f6
3.Nf3e5 Nb8d7
4.Nb1c3 e6
5.e4 Bf8b4
6.Ne5xf7 Kxf7
7.Bf1d3 Rh8f8
8.Qd1f3 Kg8
9.O-O Bb4xc3
10.bxc3 Nf6xe4
11.Qf3h5 Nd7f6
12.Qh5e5 Nf6g4
13.Qe5h5 Ng4xf2
14.c4 Nf2xd3
15.cxd3 Rf8xf1
16.Kxf1 Qd8f8
17.Ke2 Qf8f2
18.Kd1 Ne4c3
{ resign }
0-1